| 000 | 00442nam a2200157Ia 4500 | ||
|---|---|---|---|
| 003 | OSt | ||
| 005 | 20230602105310.0 | ||
| 008 | 211028s2012 xx 000 0 und d | ||
| 040 | _cAIMIT LIBRARY | ||
| 041 | _aeng | ||
| 100 |
_aBanu, Saaim; Shetty, Annapoorna. _98384 _e101931 |
||
| 110 |
_aAnnapoorna Shetty _98385 |
||
| 245 | _aWorkshop attendance collector: inclusion of educator module. | ||
| 260 |
_aMangalore _c2012 |
||
| 942 |
_2ddc _cPRO |
||
| 999 |
_c219861 _d219861 |
||